000 00581nam a22001817a 4500
001 dpl
008 880628u xx u 0 0 0und
010 _asv 88031784
022 _a0374-8537
245 0 0 _aJournal of coffee research. () Balehonnur, India.
260 _aChikamagalur (Karnataka)
_bCentral Coffee Research Institute
_c1972-
300 _av.
_c24 cm (Pbk
310 _aQuarterly
590 _aDecision made by DW 8/14/75. Decision made from PL480 material.
650 _aCoffee research
906 _a0
_bbbc
_cserlocs
_du
_encip
_f19
_gilsserca
942 _2ddc
_cSR
_s1
999 _c79648
_d79648